000 00660nam a2200217Ia 4500
005 20221122121054.0
008 131103s9999 xx 000 0 und d
020 _a1403931984
_cRs 490
040 _aLoreto College
041 _aEnglish
082 _a954.03
_bSEN
245 _aContesting Colonialism
_b Partition and Swadeshi re-visited
_cEditors Tapati Sengupta Shreela Roy
260 _aNew Delhi
_bMacmillan India Ltd.
_c2007
300 _axxv,279p
504 _aIncludes bibliographical references
650 _aPartition History, India
651 _aIndia, Partition History
700 _aSengupta, Tapati, ed
850 _aLCLIB
942 _cBK
999 _c15165
_d65644